| 000 | 00402nam a22001457a 4500 | ||
|---|---|---|---|
| 022 | _a0893122173 | ||
| 082 |
_a666.893 _bKOS _cN-01, P-108 |
||
| 100 |
_aKosmatka Steven H _944891 |
||
| 245 | _aDesign and Control of Concrete Mixtures | ||
| 300 |
_a358p.: _bill.; |
||
| 526 |
_a0 _b0 _c0 _d666_893000000000000_KOS |
||
| 526 |
_a0 _b0 _c0 _d666_893000000000000_KOS |
||
| 650 |
_aNUST _96342 |
||
| 942 |
_2ddc _cBK |
||
| 999 |
_c548542 _d548542 |
||